LEADER 01535nam 2200505Ia 450 001 9910450037003321 005 20200520144314.0 035 $a(CKB)1000000000000514 035 $a(SSID)ssj0000276789 035 $a(PQKBManifestationID)11228786 035 $a(PQKBTitleCode)TC0000276789 035 $a(PQKBWorkID)10232824 035 $a(PQKB)10933846 035 $a(MiAaPQ)EBC3385983 035 $a(Au-PeEL)EBL3385983 035 $a(CaPaEBR)ebr10021853 035 $a(OCoLC)923330022 035 $a(EXLCZ)991000000000000514 100 $a19990609d2000 uy 0 101 0 $aeng 135 $aurcn||||||||| 181 $ctxt 182 $cc 183 $acr 200 10$aAm I teaching well?$b[electronic resource] $eself-evaluation strategies for effective teachers /$fVesna Nikolic, Hanna Cabaj 210 $aToronto $cPippin$dc2000 215 $a264 p. $cill 300 $aBibliographic Level Mode of Issuance: Monograph 311 $a0-88751-087-6 320 $aIncludes bibliographical references. 606 $aTeachers$xSelf-rating of 606 $aEnseignants$xAuto-e?valuation 608 $aElectronic books. 615 0$aTeachers$xSelf-rating of. 615 6$aEnseignants$xAuto-e?valuation. 676 $a371.14/4 700 $aNikolic?-Ristanovic?$b Vesna$0869619 701 $aCabaj$b Hanna$0869620 801 0$bMiAaPQ 801 1$bMiAaPQ 801 2$bMiAaPQ 906 $aBOOK 912 $a9910450037003321 996 $aAm I teaching well$91941587 997 $aUNINA LEADER 01139nam a2200337 i 4500 001 991001371509707536 005 20020507192249.0 008 930929s1981 us ||| | eng 020 $a0287905758 035 $ab10838314-39ule_inst 035 $aLE01311267$9ExL 040 $aDip.to Matematica$beng 082 0 $a519.23 084 $aAMS 60G 084 $aAMS 60G55 084 $aAMS 60K35 084 $aAMS 62M99 084 $aQA274.3.R64 100 1 $aRolski, Tomasz$0103667 245 10$aStationary Random processes associated with point processes /$cTomasz Rolski 260 $aNew York :$bSpringer-Verlag,$c1981 300 $avi, 139 p. ;$c23 cm. 490 0 $aLecture notes in statistics ;$v5 650 4$aPoint processes 650 4$aStationary processes 907 $a.b10838314$b23-02-17$c28-06-02 912 $a991001371509707536 945 $aLE013 60G ROL11 (1981)$g1$i2013000075761$lle013$o-$pE0.00$q-$rl$s- $t0$u1$v0$w1$x0$y.i10948107$z28-06-02 996 $aStationary Random Processes Associated With Point Processes$9437884 997 $aUNISALENTO 998 $ale013$b01-01-93$cm$da $e-$feng$gus $h0$i1